| 000 | 01418nam0a22002891 4500 | ||
|---|---|---|---|
| 001 | rc\2703317 | ||
| 005 | 20230522123217.0 | ||
| 035 | _a(NLR Aleph) 006831430 | ||
| 090 |
_a6549155 _c6549155 |
||
| 100 | _a20110915d1934 |||y0rusy50 ca | ||
| 101 | 1 |
_arus _ceng |
|
| 102 | _aRU | ||
| 105 | _aa z ||||| | ||
| 200 | 1 |
_aБританский стандарт _eОбработанные зубчатые колеса с прямым и косым зубцом _fПер. с англ. инж. А. И. Петрусевича _gПод ред. проф. М. А. Саверина |
|
| 210 |
_aЛенинград _aМосква _cСтандартизация и рационализация _d1934 _eЛенинград _gтип. им. Володарского |
||
| 215 |
_aОбл., 32, [8] с. _cчерт. _d21х15 см. |
||
| 225 | 1 | _aБиблиотека иностранных стандартов. Машиностроение | |
| 300 | _aНа обороте тит. л.: "British standards institution. BSS 436 1932. Machine cut gears. A. helical and straight spur" | ||
| 702 | 1 |
_aСаверин _bМ. А. _gМихиал Алексеевич _4340 |
|
| 702 | 1 |
_aПетрусевич _bА. И. _4730 |
|
| 710 | 0 | 1 |
_aВеликобритания _bКомитет стандартизации |
| 801 | 0 |
_aRU _bNLR _gpsbo |
|
| 801 | 1 |
_aRU _bELAR _2rusmarc |
|
| 852 |
_aNLR _j34-10/3597 |
||
| 942 | _cBOOK | ||
| 980 | _aNB | ||